000 00775cam a2200241 a 4500
001 000018033
005 20260513160823.0
008 720606s1972 ve 001 f spa d
040 _aDO-SdBNP
_bspa
_cDLC
_dBNPHU
082 _aVe863.3
_bB641z
100 1 _aBlanco, Eduardo,
_d1839-1912
_939098
245 1 0 _aZárate :
_bNovela /
_cEduardo Blanco.
260 _aCaracas, Venezuela :
_bMonte Ávila Editores,
_c1972.
300 _a265 p. ;
_c17 cm.
490 1 _aBiblioteca popular el dorado
_v12
650 4 _aNovela venezolana
_93962
650 4 _aLiteratura venezolana
_93816
650 4 _aViolencia
_xNovela
_922676
650 0 _aHistorias de aventuras
_922460
830 0 _aBiblioteca popular el dorado ;
_v12
_913605
910 _aCatalogación derivada
049 _aBNGR
999 _c17555
_d17555